• 首页
  • 本馆介绍
  • 公告通知
  • 最新文献
  • 馆藏检索
  • 电子资源
  • 读者导购
  • 参考咨询
  • 我的图书馆
  • 登录
  • 详细信息显示
  • 放入我的书架
  • 预约/预借图书
  • 作者相关作品
  • 分类相关作品
  • 丛书相关作品
  • 出版社相关作品

书目信息

  • 表格格式
  • 工作单格式
  • 卡片格式
题名:
紫外可见分光光度计
    
 
作者: 李昌厚 著
分册:  
出版信息: 北京   化学工业出版社  2005
页数: 178页
开本: 25cm
丛书名: 分析仪器使用与维护丛书
单 册:
中图分类: TH744.12
科图分类:
主题词: 紫外分光光度计--目视光度计 , 紫外光光度计 , 目视光度计
电子资源:
ISBN: 7-5025-6813-1
000 00909oam2 2200277 450
001 012007735371
005 20070523084535.10
010    @a7-5025-6813-1@b精装@dCNY25.00
100    @a20050703d2005 km y0chiy0120 ea
101 0  @achi
102    @aCN@b110000
105    @ay z 000yy
106    @ar
200 1  @a紫外可见分光光度计@Azi wai ke jian fen guang guang du ji@f李昌厚著@Fli chang hou zhu
210    @a北京@c化学工业出版社@d2005
215    @a178页@d25cm
225 2  @a分析仪器使用与维护丛书
330    @a本书介绍了紫外可见分光光度计分析测量的基本原理和结构,深入讨论了紫外可见分光光度计的主要技术指标及其测试方法等。
461  0 @12001 @a分析仪器使用与维护丛书
606 0  @a紫外分光光度计@x目视光度计
606 0  @a紫外光光度计
606 0  @a目视光度计
690    @aTH744.12@v4
701  0 @a李昌厚@Ali chang hou@f(1939.5~)@4著
801  0 @aCN@bRULIN@c20070523
905    @dTH744.12@e51@s8
    
    紫外可见分光光度计/李昌厚著.-北京:化学工业出版社,2005
    178页;25cm.-(分析仪器使用与维护丛书)
    
    
    ISBN 7-5025-6813-1(精装):CNY25.00
    本书介绍了紫外可见分光光度计分析测量的基本原理和结构,深入讨论了紫外可见分光光度计的主要技术指标及其测试方法等。
●
相关链接 在E读中查询图书 在五车中查询图书 在当当中查询图书 在豆瓣中查询图书


正题名:紫外可见分光光度计     索取号:TH744.12/51         预约/预借

序号 登录号 条形码 馆藏地/架位号 状态 备注
1 0577028   205770281   第二样本阅览室/ [索取号:TH744.12/51] 在馆    
2 0577029   205770290   密集书库/ [索取号:TH744.12/51] 在馆    
3 0577030   205770307   第三借阅区/ [索取号:TH744.12/51] 在馆    
4 0577031   205770316   第三借阅区/ [索取号:TH744.12/51] 在馆    
5 0577032   205770325   第三借阅区/ [索取号:TH744.12/51] 在馆    
6 0577033   205770334   密集书库/ [索取号:TH744.12/51] 在馆    
7 0577034   205770343   密集书库/ [索取号:TH744.12/51] 在馆    
8 0577035   205770352   密集书库/ [索取号:TH744.12/51] 在馆    
唐山师范学院图书馆 欢迎您!
大连网信软件有限公司© 版权所有